Star Wars Planets - Statistics

General Stats
  • This quiz has been taken 77 times
  • The average score is 26 of 50
Answer Stats
Hint Answer % Correct
Anakin & Luke Tatooine
93%
Ewoks Endor
92%
clones Kamino
92%
Senate Coruscant
90%
Organa Alderaan
86%
snow planet Hoth
86%
Padme Naboo
85%
wookie Kashyyyk
81%
Anakin dies here Mustafar
80%
Lando Bespin
78%
Yoda Dagobah
78%
han solo did in 12 parsecs Kessel
78%
attack of the clones Geonosis
76%
Rey Jakku
76%
Satine & Bo Katan Mandalore
75%
Palpatine dies (pt 2) Exegol
68%
Aayla Secura dies Felucia
68%
Greivous dies here Utapau
66%
Night Sisters Dathomir
61%
Luke banishment Ahch-to
59%
Forest moon Yavin 4
58%
Maz Kanata Takodana
53%
Ezra Lothal
51%
Hera & Aayla Secura Ryloth
51%
crystal coyotes Crait
47%
Ki Adi Mundi dies here Mygeeto
47%
kyber crystals Ilum
44%
Hutts Nal Hutta
42%
Ahsoka first battle (intro) Christophsis
41%
Resistance base D'Qar
41%
Padme dies here Polis Massa
39%
Watto Toydaria
37%
Han Solo Corelia
36%
Gambling planet Cantonica
34%
ocean planet Mon cala
34%
Greedo Rodia
31%
Rey "kills" Chewie here Pasaana
29%
Leia dies here Ajan Kloss
27%
zilo beast & sebulba Malastare
27%
Gererra Onderon
27%
Fives, Echo, Heavy first battle Rishi
25%
Count Dooku Serenno
25%
Zori Bliss Kijimi
22%
Andor Ferrix
20%
Hondo Florrum
20%
death star wreckage Kef bir
19%
Jango fett Concord Dawn
17%
Bendu Atollon
15%
Ahsoka Tano Shili
15%
Cursed space, can't leave Iego
12%
No matching quizzes found
Score Distribution
Percent of People with Each Score
Percentile by Number Answered
Your Score History
You have not taken this quiz